00532 2200205 4500001002100000005001500021035002000036007000300056008004100059020002200100082001100122084001700133100002000150245003600170250001100206260003400217300003700251650002200288990001600310INLIS00000000000203120260407093523 a0010-0226000041ta260407 g 0 ind  a979-623-7661-50-4 a155.25 a155.25 ABA u0 aAba Mehmed Agha1 aUntuk Dibaca /cAba Mehmed Agha aCet. 1 aYogyakarta :bCheklist,c2021 aviii + 156 hlm :b- ;c14 x 20,5 aPengembangan Diri a00000016206